Statistiques concernant Les noms de codes des consoles de jeux vidéo

Cliquez ici pour prendre le quiz!

Statistiques générales

  • Ce quiz a été pris 23 fois
  • Le résultat moyen est 11 sur 17

Statistiques - réponses

HintRéponse% Correct
XenonXBOX 360
91%
DurangoXBOX One
83%
Nitro (NTR)DS
78%
OrbisPS4
78%
NXSwitch
78%
RévolutionWii
78%
DolphinGame Cube
74%
Project CaféWii U
74%
CTR3DS
70%
Dot Matrix Game (DGM)Game Boy
70%
Home Video ComputerNES
70%
Project RealityNintendo 64
61%
DuralDreamCast
52%
MarsMegadrive/Genesis
52%
AtlantisGame Boy Advance
39%
NGPPS-Vita
35%
TwilightDSi
13%

Distribution des résultats

Percentile par nombre de réponses

% des personnes avec chaque résultat

Votre développement - résultats

Vous n’avez pas pris ce quiz